Largest cities of each country (World pop. review) - Statistics

General Stats
  • This quiz has been taken 12 times
    11 since last reset
  • The average score is 103 of 195
Answers on the Map
Answers color-coded by a green-red scale on the quiz's map according to % correct below.
 
Answer Stats
Answer % Correct
Buenos aires
100%
Copenhagen
100%
Istanbul
100%
London
100%
Mexico city
100%
Moscow
100%
New York city
100%
Paris
100%
Reykjavik
100%
Sao paulo
100%
Seoul
100%
Tokyo
100%
Toronto
100%
Warsaw
100%
Athens
89%
Berlin
89%
Bogota
89%
Cairo
89%
Caracas
89%
Dublin
89%
Kyiv
89%
Lima
89%
Lisbon
89%
Madrid
89%
Pyongyang
89%
Riyadh
89%
Rome
89%
Schaan
89%
Shanghai
89%
Addis ababa
78%
Algiers
78%
Amsterdam
78%
Asuncion
78%
Brussels
78%
Havana
78%
Kinshasa
78%
Melbourne
78%
Montevideo
78%
Oslo
78%
Panama city
78%
Prague
78%
Santiago
78%
Stockholm
78%
Tehran
78%
Tunis
78%
Dubai
78%
Ulan bator
78%
Vienna
78%
Amman
67%
Beirut
67%
Damascus
67%
Georgetown
67%
Guatemala city
67%
Helsinki
67%
Khartoum
67%
Kingston
67%
Kingstown
67%
Kuwait city
67%
La paz
67%
Luxembourg
67%
Minsk
67%
Nairobi
67%
Nassau
67%
Phnom Penh
67%
Port au prince
67%
San jose
67%
Sofia
67%
Tripoli
67%
Vatican city
67%
Zagreb
67%
Antananarivo
56%
Auckland
56%
Bangkok
56%
Belgrade
56%
Belize city
56%
Brazzaville
56%
Bucharest
56%
Budapest
56%
Casablanca
56%
Dar es salaam
56%
Doha
56%
Ho Chi Minh City
56%
Johannesburg
56%
Kuala Lumpur
56%
Lagos
56%
Luanda
56%
Manila
56%
Monaco
56%
Muscat
56%
Paramaribo
56%
Podgorica
56%
San salvador
56%
Santo domingo
56%
Sarajevo
56%
Taipei
56%
Tallinn
56%
Tashkent
56%
Tegucigalpa
56%
Tel Aviv
56%
Tirana
56%
Vilnius
56%
Zurich
56%
Andorra la vella
44%
Ashgabat
44%
Asmara
44%
Baghdad
44%
Baku
44%
Bratislava
44%
Chisinau
44%
Dakar
44%
Freetown
44%
Harare
44%
Jakarta
44%
Kabul
44%
Kampala
44%
Karachi
44%
Kathmandu
44%
Ljubljana
44%
Mogadishu
44%
Nicosia
44%
Ouagadougou
44%
Port of spain
44%
Pristina
44%
Riga
44%
San marino
44%
Singapore
44%
Skopje
44%
Tbilisi
44%
Vientiane
44%
Windhoek
44%
Yangon
44%
Yaounde
44%
Abidjan
33%
Almaty
33%
Bamako
33%
Bandar seri
33%
Bangui
33%
Banjul
33%
Bishkek
33%
Bissau
33%
Castries
33%
Colombo
33%
Dehli
33%
Dhaka
33%
Dili
33%
Dushanbe
33%
Gaborone
33%
Guayaquil
33%
Juba
33%
Kigali
33%
Kumasi
33%
Male
33%
Managua
33%
Manama
33%
Maseru
33%
Monrovia
33%
N'Djamena
33%
Niamey
33%
Nouakchott
33%
Praia
33%
Roseau
33%
Sanaa
33%
Sao Tome
33%
St. Georges
33%
St. Johns
33%
Suva
33%
Victoria
33%
Yerevan
33%
Apia
22%
Basseterre
22%
Bridgetown
22%
Conakry
22%
Honiara
22%
Lilongwe
22%
Lome
22%
Lusaka
22%
Moroni
22%
Port louis
22%
Port vila
22%
Tarawa
22%
Thimpu
22%
Bujumbura
11%
Djibouti city
11%
Funafuti
11%
Majuro
11%
Nuku'alofa
11%
Abomey calavi
0%
Bata
0%
Birkirkara
0%
Denigomodu
0%
Koror
0%
Manzini
0%
Matola
0%
Port moresbey
0%
Weno
0%
No matching quizzes found
Score Distribution
Percent of People with Each Score
Percentile by Number Answered
Your Score History
You have not taken this quiz since the last reset